000 00718nam a22002177a 4500
003 UA-OsUOA
001 80502
007 ta
008 20111213b un ||||| |||| 00| 0 ukr d
100 _aРазумов А.Е.
090 _a659
_bР17
942 _cSA
040 _aUA-OsUOA
_brus
_cUA-OsUOA
_dUA-OsUOA
245 _aИсторическая коммуникация: идеи и идеологии
300 _aС.73-88
955 _a0
041 _arus
080 _a659
773 0 _w80501
_tФилософские науки
_dМ.
_d2011
_g9
650 7 _a659 Реклама. Система інформації. Громадська інформація та реклама (Паблик-Рилейшнз)
_2UDC
999 _c366807
_d366807